000
00205nam a22000977a 4500
003
SGT
245
_a
Journal of oral & maxillofacial Pathology
260
_b
Medknow
_c
2022
300
_a
604
942
_2
ddc
_c
BV
999
_c
30367
_d
30367